|
|
|
|
| LEADER |
00000caa a2200000 c 4500 |
| 001 |
1421432684 |
| 003 |
DE-627 |
| 005 |
20220530115036.0 |
| 007 |
cr uuu---uuuuu |
| 008 |
111012s2011 xx |||||o 00| ||eng c |
| 024 |
7 |
|
|a 10.1177/1477370811416415
|2 doi
|
| 035 |
|
|
|a (DE-627)1421432684
|
| 035 |
|
|
|a (DE-576)35143268X
|
| 035 |
|
|
|a (DE-599)BSZ35143268X
|
| 040 |
|
|
|a DE-627
|b ger
|c DE-627
|e rakwb
|
| 041 |
|
|
|a eng
|
| 100 |
1 |
|
|a Wikström, Per-Olof H.
|d 1955-
|0 (DE-588)1033826278
|0 (DE-627)742571238
|0 (DE-576)163565384
|4 aut
|
| 109 |
|
|
|a Wikström, Per-Olof H. 1955-
|a Wikström, Per O. 1955-
|
| 245 |
1 |
0 |
|a Do people comply with the law because they fear getting caught?
|c Per-Olof H. Wikström; Andromachi Tseloni; Dimitris Karlis
|
| 264 |
|
1 |
|c 2011
|
| 336 |
|
|
|a Text
|b txt
|2 rdacontent
|
| 337 |
|
|
|a Computermedien
|b c
|2 rdamedia
|
| 338 |
|
|
|a Online-Ressource
|b cr
|2 rdacarrier
|
| 700 |
1 |
|
|a Tseloni, Andromachi
|4 aut
|
| 700 |
1 |
|
|a Karlis, Dimitris
|4 aut
|
| 773 |
0 |
8 |
|i In
|t European journal of criminology
|d London [u.a.] : Sage, 2004
|g 8(2011), 5, Seite 401-420
|h Online-Ressource
|w (DE-627)379048256
|w (DE-600)2135314-1
|w (DE-576)112775543
|x 1741-2609
|7 nnas
|
| 773 |
1 |
8 |
|g volume:8
|g year:2011
|g number:5
|g pages:401-420
|
| 856 |
|
|
|u https://doi.org/10.1177/1477370811416415
|x doi
|3 Volltext
|
| 951 |
|
|
|a AR
|
| ELC |
|
|
|a 1
|
| LOK |
|
|
|0 000 xxxxxcx a22 zn 4500
|
| LOK |
|
|
|0 001 2692115015
|
| LOK |
|
|
|0 003 DE-627
|
| LOK |
|
|
|0 004 1421432684
|
| LOK |
|
|
|0 005 20111012152403
|
| LOK |
|
|
|0 008 111012||||||||||||||||ger|||||||
|
| LOK |
|
|
|0 040
|a DE-21-110
|c DE-627
|d DE-21-110
|
| LOK |
|
|
|0 689
|a s
|a Jugendkriminalität
|
| LOK |
|
|
|0 689
|a s
|a Abschreckung
|
| LOK |
|
|
|0 689
|a s
|a Normbefragung
|
| LOK |
|
|
|0 689
|a s
|a Kriminalitätsneigung
|
| LOK |
|
|
|0 689
|a s
|a Situational Action Theory
|
| LOK |
|
|
|0 852
|a DE-21-110
|
| LOK |
|
|
|0 852 1
|m p
|9 00
|
| LOK |
|
|
|0 938
|k p
|
| LOK |
|
|
|0 939
|a 12-10-11
|b l01
|
| ORI |
|
|
|a SA-MARC-krimdoka001.raw
|